| 000 | 01470cab a2200241 4500 | ||
|---|---|---|---|
| 001 | L129342 | ||
| 008 | 050413n2005 000 0 eng u | ||
| 035 | _a(Sirsi) u129342 | ||
| 041 | _aeng | ||
| 100 | _aMcManus, Joe | ||
| 245 | _aFair play? | ||
| 260 | _c2005 | ||
| 490 |
_aSolicitors' Journal _v149(13) 1 April 2005, 373-375(2) |
||
| 520 | _aGives details of recent judgments on the subject of damages from asbestos exposure. In "Grieves v Everard and Sons and British Uralite plc" ([2005] EWHC 88 (QB), The Times 22 March 2005) it was confirmed that those diagnosed with pleural plaques were entitled to damages.The judge stated that while the condition alone could not amount to a cause of action, 'where anxiety is engendered by physiological change' it can properly contribute to damage. In "Maguire v Harland and Wolff Plc" ([2005] EWCA Civ 01, The Times 27 January 2005) the CA found against the claimant who had been exposed to asbestos dust and developed mesothelioma in 2000. In the former case the parties have been given leave to appeal to the CA. | ||
| 590 | _aIKA150405 | ||
| 650 | _aGRIEVES AND OTHERS V FT EVERARD AND SONS AND BRITISH URALITE PLC AND OTHERS | ||
| 650 | _aMAGUIRE V HARLAND AND WOLFF PLC | ||
| 650 | _aBARKER V SAINT GOBAIN PIPELINES PLC | ||
| 650 | _aFAIRCHILD V GLENHAVEN FUNERAL SERVICES LTD AND OTHERS | ||
| 650 | _aMESOTHELIOMA | ||
| 690 | _aMANAGEMENT-HEALTH AND SAFETY-HAZARDOUS SUBSTANCES-ASBESTOS | ||
| 942 | _n0 | ||
| 999 |
_c75077 _d75077 |
||